Report of the joint working party on measurement conventions (Record no. 89033)

MARC details
000 -LEADER
fixed length control field 00535cam a2200205 4500
001 - CONTROL NUMBER
control field D16083
008 - FIXED-LENGTH DATA ELEMENTS--GENERAL INFORMATION
fixed length control field 090401t1972 xxu||||| |||| 00| 0 eng d
035 ## - SYSTEM CONTROL NUMBER
System control number (Sirsi) u27044
041 ## - LANGUAGE CODE
Language code of text/sound track or separate title eng
050 ## - LIBRARY OF CONGRESS CALL NUMBER
Classification number 692.3
090 ## - LOCALLY ASSIGNED LC-TYPE CALL NUMBER (OCLC); LOCAL CALL NUMBER (RLIN)
Classification number (OCLC) (R) ; Classification number, CALL (RLIN) (NR) RICS 1972/11ABD
110 ## - MAIN ENTRY--CORPORATE NAME
Corporate name or jurisdiction name as entry element Royal Institution of Chartered Surveyors
9 (RLIN) 4900
245 ## - TITLE STATEMENT
Title Report of the joint working party on measurement conventions
260 ## - PUBLICATION, DISTRIBUTION, ETC.
Name of publisher, distributor, etc. RICS/NFBTE
Date of publication, distribution, etc. 1972
300 ## - PHYSICAL DESCRIPTION
Extent 56. 29p
350 ## - PRICE (NR) (BK AM CF MU VM SE) [OBSOLETE]
Price 1.5
520 ## - SUMMARY, ETC.
Summary, etc. Filed in box 1972/11 ABD
942 ## - ADDED ENTRY ELEMENTS (KOHA)
Suppress in OPAC 0
948 ## - LOCAL PROCESSING INFORMATION (OCLC); SERIES PART DESIGNATOR (RLIN)
c (OCLC) 04/03/1997
Holdings
Withdrawn status Lost status Source of classification or shelving scheme Damaged status Not for loan Home library Current library Shelving location Date acquired Cost, normal purchase price Total Checkouts Full call number Barcode Date last seen Copy number Cost, replacement price Price effective from Koha item type
    Dewey Decimal Classification     London London RICS Boxes 14/09/1999 1.50   RICS 1972/11 30005708 06/08/2019 1 1.50 06/08/2019 Reference material
    Dewey Decimal Classification     London London RICS Boxes 22/08/1991 1.50   RICS 1972/11 30030157 06/08/2019 2 1.50 06/08/2019 Reference material
    Dewey Decimal Classification     London London RICS Boxes 22/08/1991 1.50   RICS 1972/11 30030161 06/08/2019 3 1.50 06/08/2019 Reference material